000 00403nam a2200181Ia 4500
001 695
005 20260306140536.0
008 260306t1948||||xx |||||||||||||| ||spa||
041 _aESP
082 _a142
_bL38
100 _aLefebvre, Henri
_eAUT
245 0 _aEl existencialismo
260 _c1948
300 _a267 páginas :
_c21 cm.
650 _aGEN
654 _aCHU
942 _cLIB
_dJUS
_fJUS
_2ddc
_n
999 _c695
_d695